00318nam a2200097Ia 4500008004100000020001500041100002100056245007300077260005600150300001400206180205s9999 xx 000 0 und d a9715503675 aHau, Caroline S. aNecessary Fictions :bPhilippine literature and the nation 1946-1980 aQuezon CitybAtneo de manila university pressc2000 a319 pages